00496nam a2200193 a 4500001001300000003000900013005001700022008004100039020002400080082001900104100001800123245002700141260004400168300000900212500003500221505001000256650001800266700001800284nice12345678IN_TiNIC20260116014711.0111205s1986 lona grp 000 0 eng  a9780195051858c121800a305.40722bLER aLerner, Gerda aCreation of Patriarchy aLondan bOxford University Press c1986 a318p aincludes index and biblioraphy2 aIndex aWomen-History1 aLerner, Gerda